Implementation of food security act: An analysis of its dynamics and socio-economic impact (Record no. 527709)

000 -LEADER
fixed length control field 01699nam a22001457a 4500
008 - FIXED-LENGTH DATA ELEMENTS--GENERAL INFORMATION
fixed length control field 240917b ||||| |||| 00| 0 eng d
100 ## - MAIN ENTRY--PERSONAL NAME
Personal name Paswan, Pooja
245 ## - TITLE STATEMENT
Title Implementation of food security act: An analysis of its dynamics and socio-economic impact
260 ## - PUBLICATION, DISTRIBUTION, ETC. (IMPRINT)
Place of publication, distribution, etc Bihar Journal of Public Administration
300 ## - PHYSICAL DESCRIPTION
Extent 21(1S), Jan-Jun, 2024:p.430-436
520 ## - SUMMARY, ETC.
Summary, etc Ensuring food and nutrition to its citizen is the prime responsibility of state. Governments have been taking steps in this regard. But the paradigm of public distribution of food has been shifting over the periods and a landmark shift took place with Amrataya Sen’s pleading for entitlement of all even poor and destitute over food. Gradually the idea cropped up into the idea of food security and Government of Indiaof adopted by law known as Food Security Act 2013 (FSA). As such, the present paper underlines the related government schemes and their prospects in socio-economic improvement of the weaker sections. It also attempts to highlight the aspects of implementation for further enquiry. Thus it provides a comprehensive overview of India's food security policy landscape, offering insights into present challenges, and the evolving strategies employed by the government to address the intricate web of issues surrounding the availability, accessibility, and affordability of nutritious food for its vast and diverse population. – Reproduced

http://www.iipabiharbranch.org/upload/BJPA_Vol.%20XXI%20No.%201(S)%20Jan-June.%202024.pdf
650 ## - SUBJECT ADDED ENTRY--TOPICAL TERM
Topical term or geographic name as entry element FSA, Food entitlement, Nutrition, Maternal, Children, MDM, NMSA, India
9 (RLIN) 47696
773 ## - HOST ITEM ENTRY
Main entry heading Bihar Journal of Public Administration
942 ## - ADDED ENTRY ELEMENTS (KOHA)
Item type Articles
Holdings
Withdrawn status Lost status Source of classification or shelving scheme Damaged status Not for loan Permanent location Current location Date acquired Serial Enumeration / chronology Barcode Date last seen Koha item type
          Indian Institute of Public Administration Indian Institute of Public Administration 2024-09-17 21(1S), Jan-Jun, 2024:p.430-436 AR133143 2024-09-17 Articles

Powered by Koha